| 000 | 00536nam a22001937a 4500 | ||
|---|---|---|---|
| 005 | 20240619121331.0 | ||
| 008 | 240619b |||||||| |||| 00| 0 eng d | ||
| 020 | _a0-13-157283-0 | ||
| 050 | _aHB 172 .O88 2001 | ||
| 100 | _aO'SULLIVAN, ARTHUR | ||
| 245 |
_aMICROECONOMICS _bPRINCIPLES,APPLICATIONS,AND TOOLS |
||
| 250 | _a5TH.ED. | ||
| 260 |
_aUPPER SADDLE RIVER,NJ _bPRENTICE HALL _c2001 |
||
| 300 | _aXXIV,444P. | ||
| 500 | _aINCLUDES INDEX | ||
| 650 | _aMicroeconomics. | ||
| 700 | _aSheffrin, Steven M. | ||
| 942 |
_2lcc _cBK |
||
| 999 |
_c210331 _d210331 |
||